LEADER 01243nam2 22003133i 450 001 TO01389631 005 20231121125845.0 010 $a8874021712 100 $a20170210d2004 ||||0itac50 ba 101 | $aita 102 $ait 181 1$6z01$ai $bxxxe 182 1$6z01$an 200 1 $a˜5: œEpistolario e testamento$f Giuseppe Cafasso$g introduzione, testi e note a cura di Giuseppe Tuninetti 210 $aCantalupa$cEffatà$d2004 215 $a186 p.$d24 cm. 461 1$1001TO01172381$12001 $aEdizione nazionale delle opere di san Giuseppe Cafasso$v5 676 $a856.8$9Epistolografia italiana. 1859-1899$v21 700 1$aCafasso$b, Giuseppe$c $3SBLV235252$4070$01447565 702 1$aTuninetti$b, Giuseppe$f <1940- >$3CFIV053653 790 0$aGiuseppe : Cafasso$c $3TO0V268928$zCafasso, Giuseppe 801 3$aIT$bIT-01$c20170210 850 $aIT-FR0017 899 $aBiblioteca umanistica Giorgio Aprea$bFR0017 $eN 912 $aTO01389631 950 2$aBiblioteca umanistica Giorgio Aprea$d 52PFR 856.8 Caf.Epi.$e 52SBA0000210185 VMN RS $fA $h20170210$i20170210 977 $a 52 996 $aEpistolario e testamento$93638747 997 $aUNICAS